American Indians, the Irish, and government schooling : a comparative study /
| Main Author: | |
|---|---|
| Format: | Book |
| Language: | English |
| Published: |
Lincoln :
University of Nebraska Press,
[2007]
|
| Series: | Indigenous education.
|
| Subjects: | |
| Online Access: | Table of contents only Contributor biographical information Publisher description |
MARC
| Tag | First Indicator | Second Indicator | Subfields |
|---|---|---|---|
| LEADER | 00000cam a22000004a 4500 | ||
| 001 | in00002243921 | ||
| 005 | 20151105051620.0 | ||
| 008 | 061002s2007 nbuabf b s001 0 eng | ||
| 010 | |a 2006032558 | ||
| 020 | |a 9780803215634 (cloth : alk. paper) | ||
| 020 | |a 0803215630 (cloth : alk. paper) | ||
| 035 | |a (OCoLC)ocm72798662 | ||
| 035 | |a (OCoLC)72798662 | ||
| 040 | |a DLC |c DLC |d BAKER |d BTCTA |d C#P |d UtOrBLW | ||
| 043 | |a n-us--- |a e-uk--- | ||
| 049 | |a TXAM | ||
| 050 | 0 | 0 | |a E97 |b .C65 2007 |
| 082 | 0 | 0 | |a 370/.8997 |2 22 |
| 100 | 1 | |a Coleman, Michael C. | |
| 245 | 1 | 0 | |a American Indians, the Irish, and government schooling : |b a comparative study / |c Michael C. Coleman. |
| 264 | 1 | |a Lincoln : |b University of Nebraska Press, |c [2007] | |
| 264 | 4 | |c ©2007 | |
| 300 | |a xii, 367 pages, 13 unnumbered pages of plates : |b illustrations, maps ; |c 24 cm. | ||
| 336 | |a text |b txt |2 rdacontent | ||
| 337 | |a unmediated |b n |2 rdamedia | ||
| 338 | |a volume |b nc |2 rdacarrier | ||
| 490 | 1 | |a Indigenous education | |
| 504 | |a Includes bibliographical references (pages [343]-352) and index. | ||
| 505 | 0 | |a Education in Native America and Ireland to the 1820s -- The school as weapon of state -- The local community and the school -- Regimentation -- Curriculum -- School staff -- Peers and mediation -- Resistance and rejection -- Results. | |
| 650 | 0 | |a Indians of North America |x Education. | |
| 650 | 0 | |a Indians of North America |x Government relations. | |
| 650 | 0 | |a Irish |x Education |z Great Britain. | |
| 650 | 0 | |a Irish |z Great Britain |x Government relations. | |
| 650 | 0 | |a Education |v Cross-cultural studies. | |
| 651 | 0 | |a United States |x Social policy. | |
| 651 | 0 | |a Great Britain |x Social policy. | |
| 830 | 0 | |a Indigenous education. | |
| 856 | 4 | 1 | |3 Table of contents only |u http://www.loc.gov/catdir/toc/ecip072/2006032558.html |t 0 |
| 856 | 4 | 2 | |3 Contributor biographical information |u http://www.loc.gov/catdir/enhancements/fy0701/2006032558-b.html |t 0 |
| 856 | 4 | 2 | |3 Publisher description |u http://www.loc.gov/catdir/enhancements/fy0705/2006032558-d.html |t 0 |
| 938 | |a Baker & Taylor |b BKTY |c 49.95 |d 49.95 |i 0803215630 |n 0006997026 |s active | ||
| 938 | |a Baker and Taylor |b BTCP |n 2006032558 | ||
| 945 | |a PromptCat |b 145550 | ||
| 946 | |a stk | ||
| 947 | |a A14835621058 | ||
| 948 | |a cataloged |b h |c 2007/5/31 |d c |e jgreene |f 1:05:46 pm | ||
| 994 | |a 92 |b TXA | ||
| 999 | |a MARS | ||
| 999 | f | f | |s 22572c02-c970-3bd6-866b-bdd28c44ce49 |i e403c7d4-8488-321b-9e91-3c5b2d636965 |t 0 |
| 952 | f | f | |p ric |a Texas A&M University |b Rellis Campus |c Joint Library Facility |d Remote Storage |t 0 |e E97 .C65 2007 |h Library of Congress classification |i unmediated -- volume |m A14835621058 |
| 998 | f | f | |a E97 .C65 2007 |t 0 |l Remote Storage |